000
00284nam a22001337a 4500
008
180309b xxu||||| |||| 00| 0 eng d
020
_a
9781879237766
041
_a
eng
080
_a
159.9
100
_a
49
101
_a
PSI
245
_a
Belonging
_c
Brassell, W.R
942
_2
udc
_c
BK
999
_c
44575
_d
44575